10 Closest non-bordering countries to Spain - Statistics

General Stats
  • This quiz has been taken 84 times
  • The average score is 9 of 10
Answer Stats
Distance Answer % Correct
334 Italy
100%
22 Algeria
99%
473 Tunisia
97%
467 Switzerland
95%
367 Monaco
92%
723 Austria
91%
718 Vatican
90%
668 Germany
87%
315 Mauritania
87%
715 Liechtenstein
83%
No matching quizzes found
Score Distribution
Percent of People with Each Score
Percentile by Number Answered
Your Score History
You have not taken this quiz